Les lévriers - Statistiques

Statistiques générales
  • Ce quiz a été pris 6 fois
  • Le résultat moyen est 3 sur 32
Statistiques - réponses
Par images Réponse % Correct
Afghan
100%
Espagnol
40%
Italie
40%
Persan
40%
Whippet
40%
Irlandais
20%
Russe
20%
Américain
0%
Anglais
0%
Arabe
0%
Australien
0%
Azawakh
0%
bakhmull
0%
Caravan
0%
Charnaigre
0%
Chippiparai
0%
Crétois
0%
de l'Etna
0%
de Pharaon
0%
des Canaries
0%
d'Ibiza
0%
Ecossais
0%
grec
0%
Hongrois
0%
Indien
0%
Kirghize
0%
Longdog
0%
Polonais
0%
Portugais
0%
Tazi
0%
Tesem
0%
Ukrainien
0%
Aucun quiz correspondant
Distribution des résultats
% des personnes avec chaque résultat
Percentile par nombre de réponses
Votre historique - résultats
Vous n’avez pas pris ce quiz